<?xml version="1.0" encoding="UTF-8"?>
<record
    xmlns:xsi="http://www.w3.org/2001/XMLSchema-instance"
    xsi:schemaLocation="http://www.loc.gov/MARC21/slim http://www.loc.gov/standards/marcxml/schema/MARC21slim.xsd"
    xmlns="http://www.loc.gov/MARC21/slim">

  <leader>03733nam a2200565Ia 4500</leader>
  <controlfield tag="001">269</controlfield>
  <controlfield tag="008">241029s9999    xx            000 0 und d</controlfield>
  <datafield tag="010" ind1=" " ind2=" ">
    <subfield code="a">237</subfield>
  </datafield>
  <datafield tag="041" ind1=" " ind2=" ">
    <subfield code="a">Espa&#xF1;ol</subfield>
  </datafield>
  <datafield tag="082" ind1=" " ind2=" ">
    <subfield code="a">ISFODOSU TMG 12-0020 BFEM EJ.1</subfield>
  </datafield>
  <datafield tag="245" ind1=" " ind2="0">
    <subfield code="a">Evaluaci&#xF3;n de la calidad de la Educaci&#xF3;n B&#xE1;sica del Distrito Educativo 10-02 a partir del Plan Decenal de Educaci&#xF3;n 2008-2018 durante los a&#xF1;os 2008-2011. </subfield>
  </datafield>
  <datafield tag="260" ind1=" " ind2=" ">
    <subfield code="a">Santo Domingo</subfield>
  </datafield>
  <datafield tag="300" ind1=" " ind2=" ">
    <subfield code="a">102</subfield>
  </datafield>
  <datafield tag="520" ind1=" " ind2=" ">
    <subfield code="a">9</subfield>
  </datafield>
  <datafield tag="630" ind1=" " ind2=" ">
    <subfield code="a">Calidad Educativa</subfield>
  </datafield>
  <datafield tag="630" ind1=" " ind2=" ">
    <subfield code="a">Docentes</subfield>
  </datafield>
  <datafield tag="630" ind1=" " ind2=" ">
    <subfield code="a">Evaluaci&#xF3;n</subfield>
  </datafield>
  <datafield tag="630" ind1=" " ind2=" ">
    <subfield code="a">Rendimiento Escolar</subfield>
  </datafield>
  <datafield tag="650" ind1=" " ind2=" ">
    <subfield code="a">Gesti&#xF3;n Educativa</subfield>
  </datafield>
  <datafield tag="690" ind1=" " ind2=" ">
    <subfield code="a">Sintetizado</subfield>
  </datafield>
  <datafield tag="700" ind1=" " ind2=" ">
    <subfield code="e">asesor</subfield>
    <subfield code="a">De Jes&#xFA;s Contrera , Zeneyda</subfield>
  </datafield>
  <datafield tag="700" ind1=" " ind2=" ">
    <subfield code="e">autor</subfield>
    <subfield code="a">B&#xE1;ez Jos&#xE9; , Andrea </subfield>
  </datafield>
  <datafield tag="700" ind1=" " ind2=" ">
    <subfield code="e">autor</subfield>
    <subfield code="a">Pe&#xF1;a Pichardo , Fernando Francisco</subfield>
  </datafield>
  <datafield tag="901" ind1=" " ind2=" ">
    <subfield code="a">{"1":"B&#xE1;ez Jos&#xE9; ","2":"Pe&#xF1;a Pichardo "}</subfield>
    <subfield code="b">{"1":"Andrea ","2":"Fernando Francisco"}</subfield>
  </datafield>
  <datafield tag="902" ind1=" " ind2=" ">
    <subfield code="a">1</subfield>
  </datafield>
  <datafield tag="903" ind1=" " ind2=" ">
    <subfield code="a">{"1":"De Jes&#xFA;s Contrera "}</subfield>
    <subfield code="b">{"1":"Zeneyda"}</subfield>
  </datafield>
  <datafield tag="904" ind1=" " ind2=" ">
    <subfield code="a">Mag&#xED;ster en</subfield>
  </datafield>
  <datafield tag="905" ind1=" " ind2=" ">
    <subfield code="a">Gesti&#xF3;n de Centros Educativos</subfield>
  </datafield>
  <datafield tag="906" ind1=" " ind2=" ">
    <subfield code="a">2</subfield>
  </datafield>
  <datafield tag="907" ind1=" " ind2=" ">
    <subfield code="a">NO APLICA</subfield>
  </datafield>
  <datafield tag="908" ind1=" " ind2=" ">
    <subfield code="a">NO APLICA</subfield>
  </datafield>
  <datafield tag="909" ind1=" " ind2=" ">
    <subfield code="a">ISFODOSU, Recinto F&#xE9;lix Evaristo Mej&#xED;a</subfield>
  </datafield>
  <datafield tag="910" ind1=" " ind2=" ">
    <subfield code="a">NULL</subfield>
    <subfield code="b">NULL</subfield>
  </datafield>
  <datafield tag="911" ind1=" " ind2=" ">
    <subfield code="a">["1"]</subfield>
  </datafield>
  <datafield tag="912" ind1=" " ind2=" ">
    <subfield code="a">NO APLICA</subfield>
  </datafield>
  <datafield tag="913" ind1=" " ind2=" ">
    <subfield code="a">NULL</subfield>
  </datafield>
  <datafield tag="914" ind1=" " ind2=" ">
    <subfield code="a">16 de Abril de 2012</subfield>
  </datafield>
  <datafield tag="915" ind1=" " ind2=" ">
    <subfield code="a">12/06/14 02:06</subfield>
  </datafield>
  <datafield tag="916" ind1=" " ind2=" ">
    <subfield code="a">NULL</subfield>
  </datafield>
  <datafield tag="917" ind1=" " ind2=" ">
    <subfield code="a">NULL</subfield>
  </datafield>
  <datafield tag="918" ind1=" " ind2=" ">
    <subfield code="a">NO APLICA</subfield>
  </datafield>
  <datafield tag="919" ind1=" " ind2=" ">
    <subfield code="a">["29","70","97","177"]</subfield>
  </datafield>
  <datafield tag="520" ind1=" " ind2=" ">
    <subfield code="a">Los principales prop&#xF3;sitos del estudio consistieron en determinar los resultados de la calidad de Educaci&#xF3;n B&#xE1;sica del Distrito Educativo 10-02 a partir de la implementaci&#xF3;n del Plan decenal de Educaci&#xF3;n 2008-2018, durante los a&#xF1;os 2008-2011, describir las principales pol&#xED;ticas, estrategias y l&#xED;neas de acci&#xF3;n del Plan Decenal 2018-2018 en relaci&#xF3;n a la Educaci&#xF3;n B&#xE1;sica y analizar el rendimiento acad&#xE9;mico de los estudiantes de 8vo. Grado.&#xA0;La metodolog&#xED;a utilizada fue de tipo no experimental y descriptiva y se fundament&#xF3; en el m&#xE9;todo de an&#xE1;lisis y la observaci&#xF3;n. &#xA0;Como instrumento se emple&#xF3; el cuestionario y la observaci&#xF3;n directa.La poblaci&#xF3;n utilizada fue el Distrito Educativo 10-02-perteneciente a la regional de Educaci&#xF3;n 10-02 y como muestra se tomaron los centros que tiene 8vo. Grado con estudiantes que ha sido objeto de Pruebas Nacionales, es decir, 37 centros educativosLos an&#xE1;lisis realizados indican que los estudiantes de 8vo. Grado del Distrito Educativo 10-02 en las pruebas de dominio de los contenidos, situaci&#xF3;n que lleva a cuestionar la pertenec&#xED;a pr&#xE1;ctica pedag&#xF3;gica y la gesti&#xF3;n del centro educativo. &#xA0;Los docentes del Nivel B&#xE1;sico tiene que aprender a implementar, pr&#xE1;cticamente todas las asignaturas y &#xE1;reas del saber y que los centros cumplen en un gran porcentaje sus compromisos, se aprecia un ambiente de responsabilidad en los referente al cumplimiento del calendario y del horario escolar, no obstante se percibe una p&#xE9;rdida de tiempo en el cambio de asignatura en el 2do. Ciclo.Se considera &#xA0;que es sumamente necesario que se adquiera un mayor conocimiento de las prerrogativas y normativas de los niveles educativos situaci&#xF3;n que conlleva a una eficientizaci&#xF3;n de la pr&#xE1;ctica docente y los resultados de los estudiantes. Es necesario prestar m&#xE1;s atenci&#xF3;n al comportamiento de la matricula en el nivel inicial, al fin de conocer los factores que inciden en la variaci&#xF3;n negativa, ya que es muy importante ofrecer el servicio de educaci&#xF3;n de manera gratuita y de calidad y dar un mayor seguimiento a los centros educativos en referente a la pr&#xE1;ctica pedag&#xF3;gica.</subfield>
  </datafield>
  <datafield tag="921" ind1=" " ind2=" ">
    <subfield code="a">16</subfield>
  </datafield>
  <datafield tag="922" ind1=" " ind2=" ">
    <subfield code="a">16</subfield>
  </datafield>
  <datafield tag="923" ind1=" " ind2=" ">
    <subfield code="a">0</subfield>
  </datafield>
  <datafield tag="924" ind1=" " ind2=" ">
    <subfield code="a">NO APLICA</subfield>
  </datafield>
  <datafield tag="942" ind1=" " ind2=" ">
    <subfield code="c">Tesis</subfield>
  </datafield>
  <datafield tag="999" ind1=" " ind2=" ">
    <subfield code="c">237</subfield>
    <subfield code="d">237</subfield>
  </datafield>
</record>
